Accounting for hotels and restaurants : (Record no. 7981)

MARC details
000 -LEADER
fixed length control field 00671nam a22001937a 4500
003 - CONTROL NUMBER IDENTIFIER
control field OSt
005 - DATE AND TIME OF LATEST TRANSACTION
control field 20260129060300.0
008 - FIXED-LENGTH DATA ELEMENTS--GENERAL INFORMATION
fixed length control field 260129b |||||||| |||| 00| 0 eng d
020 ## - INTERNATIONAL STANDARD BOOK NUMBER
International Standard Book Number 971-8966-77-5.
040 ## - CATALOGING SOURCE
Original cataloging agency DWCL-Main lib
Transcribing agency OC
082 ## - DEWEY DECIMAL CLASSIFICATION NUMBER
Edition number 2007 revised edition
Classification number Fil. 657.837 C117a 2007
100 ## - MAIN ENTRY--PERSONAL NAME
Personal name Cabrera, Ma. Elenita B.
245 ## - TITLE STATEMENT
Title Accounting for hotels and restaurants :
Remainder of title a user perspective
Statement of responsibility, etc. Ma. Elenita B. Cabre
260 ## - PUBLICATION, DISTRIBUTION, ETC.
Place of publication, distribution, etc. Manila :
Name of publisher, distributor, etc. GIC Enterprises & Co., Inc.,
Date of publication, distribution, etc. c2007.
300 ## - PHYSICAL DESCRIPTION
Extent ix, 403 pages :
Other physical details illustration ;
Dimensions 23 cm.
650 ## - SUBJECT ADDED ENTRY--TOPICAL TERM
Topical term or geographic name entry element 1. Accounting-Hotels and restaurants.
650 ## - SUBJECT ADDED ENTRY--TOPICAL TERM
Topical term or geographic name entry element 2. Accounting
942 ## - ADDED ENTRY ELEMENTS (KOHA)
Source of classification or shelving scheme Dewey Decimal Classification
Koha item type Book-Filipiniana
Edition 2007 rev. ed.
Call number prefix Fil.
Suppress in OPAC No
952 ## - LOCATION AND ITEM INFORMATION (KOHA)
--
952 ## - LOCATION AND ITEM INFORMATION (KOHA)
--
Holdings
Withdrawn status Lost status Source of classification or shelving scheme Damaged status Not for loan Home library Current library Shelving location Date acquired Source of acquisition Cost, normal purchase price Total Checkouts Full call number Barcode Date last seen Copy number Price effective from Koha item type Uniform Resource Identifier
    Dewey Decimal Classification     College Library College Library Filipiniana 10/02/2007 School Fund 698.00   Fil. 657.837 C117a 2007 45222 01/29/2026 c1 01/29/2026 BK-FIL
    Dewey Decimal Classification     College Library College Library Filipiniana 10/02/2007 School Fund 698.00   Fil. 657.837 C117a 2007 45221 01/29/2026 c2 01/29/2026 BK-FIL